Lehrbuch der chemischen und physikalischen geologie (Record no. 24361)

MARC details
000 -LEADER
fixed length control field 00763cam a22002291 4500
001 - CONTROL NUMBER
control field gs 05001182
003 - CONTROL NUMBER IDENTIFIER
control field DLC
005 - DATE AND TIME OF LATEST TRANSACTION
control field 20260227111303.0
008 - FIXED-LENGTH DATA ELEMENTS--GENERAL INFORMATION
fixed length control field 780420m18631866gw ab b 001 0 ger c
010 ## - LIBRARY OF CONGRESS CONTROL NUMBER
LC control number gs 05001182
035 ## - SYSTEM CONTROL NUMBER
System control number (OCoLC)3817647
040 ## - CATALOGING SOURCE
Original cataloging agency U.S.Geol.Survey Lib
Transcribing agency CU-S
Modifying agency DLC
042 ## - AUTHENTICATION CODE
Authentication code premarc
050 00 - LIBRARY OF CONGRESS CALL NUMBER
Classification number QE26
Item number .B61 1863
100 1# - MAIN ENTRY--PERSONAL NAME
Personal name Bischof, Gustav,
Dates associated with a name 1792-1870.
245 10 - TITLE STATEMENT
Title Lehrbuch der chemischen und physikalischen geologie
Statement of responsibility, etc. von Gustav Bischof.
250 ## - EDITION STATEMENT
Edition statement 2. ganzlich umgearb. aufl., in gedrängter kürze, mit zusätzen und verbesserungen.
260 ## - PUBLICATION, DISTRIBUTION, ETC.
Place of publication, distribution, etc. Bonn,
Name of publisher, distributor, etc. A. Marcus,
Date of publication, distribution, etc. 1863-1866.
300 ## - PHYSICAL DESCRIPTION
Extent 3 v.
Other physical details illus., l fold. col. map, diagrs.
Dimensions 23 cm.
504 ## - BIBLIOGRAPHY, ETC. NOTE
Bibliography, etc. note Includes bibliographical footnotes.
650 #0 - SUBJECT ADDED ENTRY--TOPICAL TERM
Topical term or geographic name entry element Geology.

No items available.

Powered by Koha